| 000 | 00655nam a2200193 i 4500 | ||
|---|---|---|---|
| 001 | 63315 | ||
| 003 | ES-MaACL | ||
| 005 | 20230906164826.0 | ||
| 007 | t| | ||
| 008 | 031209s1926 sp ||||1| spa d | ||
| 100 | 1 |
_aFerraria, Mayorino. _950321 |
|
| 245 | 1 | 0 |
_aMomento musical _b: (poesías) / _cMayorino Ferraria ; prólogo de Enrique Diez Canedo ; comentario de Enrique González Martí. |
| 260 |
_aMadrid : _b[s.n.], _c1926 ( _fG. Hernández) |
||
| 300 |
_aXVIII, 126 p. ; _c17 cm. |
||
| 700 | 1 |
_aDíez-Canedo, Enrique, _d1879-1944 _944685 |
|
| 700 | 1 |
_aGonzález Martí, Enrique. _958785 |
|
| 852 |
_aES-MaACL _jF-257 |
||
| 999 |
_c63315 _d63315 |
||